„Hivatalok, információs technológiák” – a nyelvi kérdőív adatainak első elemzése

Elmentve itt :
Bibliográfiai részletek
Szerző: Sándor Klára
Dokumentumtípus: Könyv része
Megjelent: BKÁE Szociológia és Szociálpolitika Tanszék Budapest 2002
Sorozat:Információs technológia és szolgáltató közigazgatás : kutatási eredmények, Kaposvári kistérség
Tárgyszavak:
mtmt:2770818
Online Access:http://publicatio.bibl.u-szeged.hu/25400
LEADER 00828naa a2200181 i 4500
001 publ25400
005 20221026151423.0
008 221026s2002 hu o 0|| Magyar d
024 7 |a 2770818  |2 mtmt 
040 |a SZTE Publicatio Repozitórium  |b hun 
041 |a Magyar 
100 1 |a Sándor Klára 
245 1 0 |a „Hivatalok, információs technológiák” – a nyelvi kérdőív adatainak első elemzése  |h [elektronikus dokumentum] /  |c  Sándor Klára 
260 |a BKÁE Szociológia és Szociálpolitika Tanszék  |b Budapest  |c 2002 
300 |a 57-74 
490 0 |a Információs technológia és szolgáltató közigazgatás : kutatási eredmények, Kaposvári kistérség 
650 4 |a Nyelvek és irodalom 
856 4 0 |u http://publicatio.bibl.u-szeged.hu/25400/1/Sandor_Klara_Hivatalok_informacios_technologiak_2002.pdf  |z Dokumentum-elérés